000 00522nac a22001451u 4500
020 _a8122414095
082 _a005.133
_bK217
090 _c447
_d447
100 _aKaushik, Saroj
245 _aLogic and prolog programming/
_cSaroj Kaushik
260 _aNew Delhi:
_bNew Age International,
_c2003
650 _aProlog (computer program language)
942 _cBB
_k005.133K217
999 _c447
_d447